Ekstraklasa 25/26 - nagła śmierć - Statystyki

Ogólne statystyki
  • Ten quiz został rozwiązany 19 485 razy
    16 053 od ostatniego zresetowania
  • Średni wynik to 12 z 18
Answers on the Grid
Answers color-coded by a green-red scale on the quiz's grid according to % correct below.
Ruch Chorzów
Znicz Pruszków
Zagłębie Lubin
Puszcza Niepołomice
Górnik Zabrze
Chrobry Głogów
Stal Rzeszów
Termalica Nieciecza
Motor Lublin
Pogoń Szczecin
Kotwica Kołobrzeg
Miedź Legnica
Lechia Gdańsk
ŁKS Łódź
GKS Katowice
Wisła Płock
Legia Warszawa
Stal Stalowa Wola
Arka Gdynia
Cracovia
GKS Tychy
Odra Opole
Piast Gliwice
Wisła Kraków
Jagiellonia Białystok
Stal Mielec
Widzew Łódź
Śląsk Wrocław
Pogoń Siedlce
Polonia Warszawa
Radomiak Radom
Raków Częstochowa
Warta Poznań
Górnik Łęczna
Korona Kielce
Lech Poznań
 
Statystyki odpowiedzi
Odpowiedź % Poprawnych
Górnik Zabrze
77%
Zagłębie Lubin
77%
Legia Warszawa
73%
Motor Lublin
72%
Pogoń Szczecin
71%
Lechia Gdańsk
70%
Jagiellonia Białystok
66%
Cracovia
65%
Arka Gdynia
63%
Wisła Płock
63%
GKS Katowice
62%
Lech Poznań
62%
Piast Gliwice
61%
Termalica Nieciecza
61%
Raków Częstochowa
60%
Widzew Łódź
59%
Korona Kielce
57%
Radomiak Radom
55%
Nie znaleziono quizów pasujących do podanych kryteriów
Rozkład punktacji
Procent ludzi z każdym wynikiem
Percentyl według liczby udzielonych odpowiedzi
Twoja historia wyników
Nie rozwiązałeś tego quizu od ostatniego zresetowania